000 00530nam a2200169Ia 4500
003 GCL
008 140319s9999 xx 000 0 ara d
040 _aGCL /
_cGCL
082 0 4 _a301.04
_bا ت
100 1 _aاحمد الخشاب
245 1 0 _aالتفكير الاجتماعى:?دراسة تكاملية للنظرية الاجتماعية /
_cاحمد الخشاب
300 _a703 ص
490 _a100 قصة
_v0
650 0 4 _aالاجتماع، علم
650 0 4 _aالتربية الاجتماعية
942 _2ddc
_cBK
999 _c45318
_d45318